First Lines of Simon & Garfunkel songs - Statistics

General Stats
  • This quiz has been taken 1,447 times
  • The average score is 6 of 15
Answer Stats
Hint Answer % Correct
Hello darkness my old friend The Sound of Silence
96%
When you're weary, feeling small Bridge Over Troubled Water
83%
I am just a poor by, though my story's seldom told The Boxer
81%
I'm sittin' in the railway station Homeward Bound
64%
A winter's day, in a deep and dark December I Am A Rock
61%
Slow down, you move too fast 59th Street Bridge Song
58%
Let us be lovers, we'll marry our fortunes together America
52%
I'd rather be a sparrow than a snail El Condor Pasa
43%
Time it was, and what a time it was, it was Bookends
25%
I hear the drizzle of the rain Kathy's Song
22%
I was twenty-one years when I wrote this song Leaves That Are Green
14%
It's a still life water color of a now late afternoon The Dangling Conversation
12%
Fog's rollin' in off the East River bank Bleeker Street
10%
When she goes, she's gone Fakin' It
9%
What a dream I had pressed in organdy For Emily, Whereever I May Find Her
3%
No matching quizzes found
Score Distribution
Percent of People with Each Score
Percentile by Number Answered
Your Score History
You have not taken this quiz